Podnikanie v lekárenskom biznise

Postavenie lekárni v zdravotníctve. Slovensko v hustote lekární zaradené medzi vyspelé krajiny. Deregulácia lekárenského sektora vedúca k vstupu nových lekární na trh. Lekárenstvo vo svete. Dostupnosť lekární na Slovensku a ich ziskovosť.

Gespeichert in:
Bibliographische Detailangaben
1. Verfasser: Mandžák, Peter
Weitere Verfasser: Hronček, Peter
Format: Buchkapitel
Sprache:Slowakisch
Schlagworte:
Tags: Tag hinzufügen
Keine Tags, Fügen Sie das erste Tag hinzu!

MARC

LEADER 00000naa a2200000 4500
001 0261007
005 20240502074137.3
041 0 |a slo 
044 |a SK 
245 1 0 |a Podnikanie v lekárenskom biznise  |c Peter Mandžák, Peter Hronček 
520 |a Postavenie lekárni v zdravotníctve. Slovensko v hustote lekární zaradené medzi vyspelé krajiny. Deregulácia lekárenského sektora vedúca k vstupu nových lekární na trh. Lekárenstvo vo svete. Dostupnosť lekární na Slovensku a ich ziskovosť. 
610 2 0 |a zdravotníctvo 
610 2 0 |a lekárne 
610 2 0 |a lekárnici 
610 2 0 |a lekárnictvo 
610 2 0 |a Slovensko 
610 2 0 |a zisk 
100 1 |a Mandžák, Peter 
700 1 |a Hronček, Peter